| 000 | 01386nam a2200349 a 4500 | ||
|---|---|---|---|
| 001 | 000038917 | ||
| 003 | DO-SdBNP | ||
| 005 | 20160519125440.0 | ||
| 007 | 000038917 | ||
| 008 | 150130s2012 dr acd 000 0 spa d | ||
| 020 | _a9789945173758 | ||
| 040 |
_aBPMSU _bspa _cBPMSU |
||
| 092 |
_a372.83 _bC569s. 1ro. 2012 |
||
| 245 | 0 | 0 |
_aCiencias sociales 1 : _beducación básica / _ccolaboración Pilar Vaca ... [et. al.]; dirección editorial Doris Arroba Jácome, coordinación editorial Anna Rogero Soler |
| 260 |
_aSanto Domingo : _bSM, _c2012. |
||
| 300 |
_a151 p. : _bil., retrs., mapas ; _c29 cm. |
||
| 490 | 1 | _aProyecto Sé | |
| 505 | 0 |
_tSoy especial -- _tTengo una familia -- _tMe gusta mi casa -- _tVoy al colegio -- _tCuido mi comunidad -- _tEl campo y la ciudad -- _tEl trabano es importante -- _tNuestro bello país -- _tLos símbolos patrios -- |
|
| 650 |
_aCIENCIAS SOCIALES _xENSEÑANZA ELEMENTAL |
||
| 650 | 4 | _aEDUCACIÓN PRIMARIA | |
| 650 | 4 |
_aCIENCIAS SOCIALES _xESTUDIO Y EJERCICIOS |
|
| 700 | _aVacas, Pilar | ||
| 700 |
_aArroba Jácome, Doris _eed. |
||
| 700 |
_4Anna Rogero Soler ; _aed. |
||
| 700 | _a | ||
| 830 | 0 | _aProyecto Sé | |
| 910 | _aValidado. Control de calidad MFF | ||
| 930 | 1 |
_lBND01 _mLF1 _820130506 _f01 _pHD _g36709 |
|
| 942 |
_2ddc _cBK |
||
| 956 |
_aYLOCKWARD _b10 _c20150603 _lBND01 _h1156 |
||
| 956 |
_aVMATEO _b10 _c20150605 _lBMET02 _h00151 |
||
| 999 |
_c7901 _d7901 |
||